000 00576nam a2200145 a 4500
008 120416s1976 ||||||||||||||||| || u
050 _aBL 2400 Rel
100 _aVan Binsbergen, W. W. J
245 1 0 _aReligious innovation in modern African society
_cedited by W. W. J. Van Binsbergen
260 _aLeiden
_bAfrika-Studiecentrum
_c1976
300 _a148p.
350 _a0.00
700 _aBuijtenhuijs, R
995 _D0.00
_FCBU-MAIN LIBRARY (Kitwe)
_H1
_I0.00
_M1
_UAVAILABLE
_WJul 31, 2006
_ZMain Library Open Access Collection
999 _c56028
_d56028